[Event "IRI-ch U14"]
[Site "Chess.com INT"]
[Date "2021.01.16"]
[Round "2"]
[White "Hesami, M Hosein"]
[Black "Davari, Soroush"]
[Result "1-0"]
[WhiteElo "1637"]
[BlackElo "1194"]
[PlyCount "53"]
[EventDate "2021.01.16"]
[EventType "swiss"]
[EventRounds "11"]
[EventCountry "IRI"]
[SourceTitle "EXT 2022"]
[Source "ChessBase"]
[SourceDate "2021.10.06"]
[SourceVersion "1"]
[SourceVersionDate "2021.10.06"]
[SourceQuality "1"]

1. d4 d5 2. Bf4 Nf6 3. e3 Bf5 4. c4 e6 5. Nc3 Be7 6. Qb3 b6 7. Nf3 0-0 8. Be2 c5 9. 0-0 Nc6 10. Rfd1 Na5 11. Qa4 Rc8 12. dxc5 bxc5 13. Rac1 Ne4 14. Nxe4 Bxe4 15. cxd5 exd5 16. Nd2 Qb6 17. Nxe4 dxe4 18. Qxe4 Rfe8 19. Qc2 Bf6 20. b3 Rc6 21. Bf3 Rcc8 22. Bd5 Red8 23. e4 Qb4 24. Bd2 Qb6 25. Be3 Be7 26. Qe2 c4 27. Bxb6 1-0

[Event "IRI-ch U14"]
[Site "Chess.com INT"]
[Date "2021.01.16"]
[Round "11"]
[White "Hesami, M Hosein"]
[Black "Jahantighi, Bardia"]
[Result "0-1"]
[WhiteElo "1637"]
[BlackElo "1230"]
[PlyCount "112"]
[EventDate "2021.01.16"]
[EventType "swiss"]
[EventRounds "11"]
[EventCountry "IRI"]
[SourceTitle "EXT 2022"]
[Source "ChessBase"]
[SourceDate "2021.10.06"]
[SourceVersion "1"]
[SourceVersionDate "2021.10.06"]
[SourceQuality "1"]

1. d4 Nf6 2. Bf4 g6 3. Nc3 d6 4. Qd2 Bg7 5. f3 0-0 6. Bh6 Nbd7 7. Bxg7 Kxg7 8. e4 c5 9. Nge2 cxd4 10. Nxd4 a6 11. h4 h5 12. Be2 Ne5 13. 0-0-0 Bd7 14. Rdg1 Rh8 15. Qg5 e6 16. g4 Rc8 17. gxh5 Rh6 18. hxg6 Rxg6 19. Qe3 Qh8 20. f4 Neg4 21. Bxg4 Nxg4 22. Qe2 Qh5 23. f5 exf5 24. exf5 Bxf5 25. Nxf5+ Qxf5 26. h5 Rg5 27. Ne4 Re8 28. Nxd6 Qf4+ 29. Qd2 Qxd2+ 30. Kxd2 Rd8 31. h6+ Kh7 32. Rh4 Rxd6+ 33. Ke2 Rdg6 34. c4 Nxh6 35. Rgh1 Rg2+ 36. Kd3 Rxb2 37. a4 Rb3+ 38. Kd4 Kg7 39. Rh5 Ra3 40. Rb1 Rxa4 41. Rxb7 Rg4+ 42. Kd3 Raxc4 43. Rb6 Rg6 44. Rxa6 Rxa6 45. Kxc4 Kg6 46. Rc5 Rd6 47. Kc3 f5 48. Rc4 Kg5 49. Rc8 f4 50. Rf8 Kg4 51. Kc4 f3 52. Kc5 Rd1 53. Kc4 Nf5 54. Rg8+ Kf4 55. Rf8 f2 56. Rd8 Rxd8 0-1

[Event "IRI-ch U14"]
[Site "Chess.com INT"]
[Date "2021.01.16"]
[Round "7"]
[White "Hesami, M Hosein"]
[Black "Mokhtari Moghadam, Taha"]
[Result "1/2-1/2"]
[WhiteElo "1637"]
[BlackElo "1976"]
[PlyCount "76"]
[EventDate "2021.01.16"]
[EventType "swiss"]
[EventRounds "11"]
[EventCountry "IRI"]
[SourceTitle "EXT 2022"]
[Source "ChessBase"]
[SourceDate "2021.10.06"]
[SourceVersion "1"]
[SourceVersionDate "2021.10.06"]
[SourceQuality "1"]

1. d4 d5 2. Bf4 Nf6 3. e3 c6 4. Nf3 Bf5 5. c3 e6 6. h3 Nbd7 7. Nbd2 Be7 8. Ne5 Nxe5 9. Bxe5 0-0 10. Nf3 Nd7 11. Bh2 f6 12. Bd3 Bxd3 13. Qxd3 Re8 14. 0-0 Nb6 15. e4 dxe4 16. Qxe4 Bd6 17. Bxd6 Qxd6 18. Rfe1 Rad8 19. Rad1 Qd5 20. Qxd5 cxd5 21. Re2 Kf7 22. Rde1 Rc8 23. Nd2 Nd7 24. f4 b5 25. a3 g6 26. Nb3 f5 27. Nd2 Nf6 28. Nf3 Ne4 29. Ng5+ Kg7 30. Nf3 Kf6 31. Kh2 Re7 32. Ne5 Rec7 33. Nd3 Re8 34. Ne5 a5 35. Nd3 Rc6 36. Ne5 Rc7 37. Nd3 Rc4 38. Ne5 Rc7 1/2-1/2

[Event "IRI-ch U14"]
[Site "Chess.com INT"]
[Date "2021.01.16"]
[Round "6"]
[White "Rajaei, Amirhasan"]
[Black "Hesami, M Hosein"]
[Result "0-1"]
[WhiteElo "1063"]
[BlackElo "1637"]
[PlyCount "122"]
[EventDate "2021.01.16"]
[EventType "swiss"]
[EventRounds "11"]
[EventCountry "IRI"]
[SourceTitle "EXT 2022"]
[Source "ChessBase"]
[SourceDate "2021.10.06"]
[SourceVersion "1"]
[SourceVersionDate "2021.10.06"]
[SourceQuality "1"]

1. e4 c5 2. Nf3 d6 3. Nc3 Nf6 4. Bb5+ Bd7 5. Bxd7+ Nbxd7 6. 0-0 e6 7. d3 Be7 8. Bg5 0-0 9. Bxf6 Nxf6 10. h3 a6 11. a3 Qc7 12. Qd2 h6 13. Na2 d5 14. e5 Nd7 15. Rfe1 Rac8 16. c4 d4 17. b4 b6 18. Rab1 Rb8 19. b5 a5 20. a4 Rfd8 21. Nc1 Bf8 22. Qf4 g6 23. Ne2 Bg7 24. Ng3 f5 25. Qd2 Kh7 26. Kh1 Rb7 27. Kg1 Re8 28. Re2 Nxe5 29. Nxe5 Bxe5 30. Rbe1 Bxg3 31. fxg3 Qxg3 32. Rxe6 Rxe6 33. Rxe6 Qg5 34. Qxg5 hxg5 35. Kf2 Kg7 36. g4 Kf7 37. Re1 Re7 38. Rd1 Re3 39. Kg2 Re2+ 40. Kf3 Ra2 41. Rb1 Rxa4 42. Ke2 Ra2+ 43. Kf3 Rh2 44. Kg3 Rd2 45. Rb3 Rc2 46. Ra3 Rc3 47. Ra2 Rxd3+ 48. Kg2 Rc3 49. Ra4 Kf6 50. gxf5 gxf5 51. Kh2 Ke5 52. Kg2 Ke4 53. Kh2 d3 54. Ra2 Rc2+ 55. Rxc2 dxc2 56. h4 gxh4 57. Kh3 c1Q 58. Kg2 Qe3 59. Kf1 Qd2 60. Kg1 Kf3 61. Kh1 Qg2# 0-1